000
00275nam a2200109Ia 4500
008
230907s9999||||xx |||||||||||||| ||und||
082
_a
650.0712
_b
MCG
245
0
_a
Business management exam :
260
_a
Nelson Cengage,
_b
Australia :
_c
2016
300
_a
72 p.
942
_c
BK
999
_c
600858
_d
600858